| 000 | 00507nam a2200193Ia 4500 | ||
|---|---|---|---|
| 005 | 20140404082828.0 | ||
| 008 | 140130s9999 xx 000 0 und d | ||
| 020 | _a9780439890588 | ||
| 050 |
_aPZ 7 _b.P213Ho 2007 |
||
| 100 |
_aPapadementriou, Lisa _931098 |
||
| 245 |
_cLisa Papadementriou. _aHow to be a girly in just ten days / |
||
| 260 |
_bScholastic, _c2007. _aUSA : |
||
| 300 |
_a163 p. : _c24 cm. |
||
| 440 |
_v1 _931099 |
||
| 521 | _aG4 | ||
| 526 | _c650 | ||
| 942 |
_cBK _2lcc |
||
| 999 |
_c40863 _d40863 |
||